1056 1825 1659 1436 1488 1534 1877 1696 1289 1063 1005 1077 1989 1820 1534 1042 1380 1930 1077 1037 1655 1741 1540 1171 1176 1145 1364 1269 1604 1937 1283 1729 1847 1702 1023 1488 1310 1208 1666 1680 1615 1025 1047 1332 1382 1791 1247 1328 1177 1017 1769 1878 1735 1929 1466 1243 1434 1060 1562 1134 1660 1610 1445 1001 1969 1823 1524 1817 1787 1660 1354 1333 1172 1271 1785 1679 1330 1353 1226 1397 1373 1933 1921 1157 1494 1960 1721 1638 1686 1627 1314 1917 1594 1420 1624 1016 1036 1896 1698 BCNSPRNW ULIB Ver.6.0+V

เปลี่ยนเป็นภาษาไทย

Change to English
 แสดงรายละเอียดบรรณานุกรม
  กลับหน้าหลัก

Brief Record : Get Marc (ISO 2709) : E-mail record : QR code < ปิดหน้าต่าง
LEADER : 00000nam 2200000uu 4500
001    13399125764
003     ULIB
008    170831s2559||||th 000 0 tha d
020    ^a9789747557565
060    ^aWY160 ส661ก ล.1
100    ^aสายฝน เอกวรางกูร
245    ^aการพยาบาลจิตเวชและสุขภาพจิต : ศาสตร์และศิลป์สู่การปฏิบัติ 1
250    ^aพิมพ์ครั้งที่ 3
260    ^aนครศรีธรรมราช :^bศูนย์หนังสือมหาวิทยาลัยวลัยลักษณ์,^c2559
300    ^a352 หน้า^bภาพประกอบ, ตาราง
650    ^aการพยาบาลจิตเวชศาสตร์
650    ^aสุขภาพจิต
945    ^p0^l0^i003109
945    ^p0^l0^i003110
945    ^p0^l0^i003111
945    ^p0^l0^i003112
945    ^p0^l0^i003113
945    ^p0^l0^i003114
945    ^p0^l0^i003115
945    ^p0^l0^i003116
945    ^p0^l0^i003117
945    ^p0^l0^i003118
999    ^aประนอม เกษจรัล
รายการนี้ยังไม่มีแท็ก
คุณยังไม่ได้ล็อกอิน คุณสามารถมีกิจกรรมร่วมกับเว็บไซต์ได้ แต่ต้องล็อกอินก่อน ::
  ล็อกอิน

รายการสื่อสารสนเทศ

ลำดับที่ ประเภท เลขเรียก/บาร์โค้ด สถานที่ สถานะ
1. วิทยาศาสตร์การแพทย์ และสุขภาพ
หนังสือสำรอง
สถานะ=หนังสือสำรอง
WY160 ส661ก ล.1 ฉ.1 
  Barcode: 003109
ห้องสมุดวิทยาเขตสวรรค์ประชารักษ์
►หนังสือทั่วไป
บนชั้น
2. วิทยาศาสตร์การแพทย์ และสุขภาพ
วิทยาศาสตร์การแพทย์ และสุขภาพ
WY160 ส661ก ล.1 ฉ.10 
  Barcode: 003118
ห้องสมุดวิทยาเขตสวรรค์ประชารักษ์
►หนังสือทั่วไป
ถูกยืม กำหนดส่งวันที่ 27 เมษายน 2569
  จอง
3. วิทยาศาสตร์การแพทย์ และสุขภาพ
วิทยาศาสตร์การแพทย์ และสุขภาพ
WY160 ส661ก ล.1 ฉ.2 
  Barcode: 003110
ห้องสมุดวิทยาเขตสวรรค์ประชารักษ์
►หนังสือทั่วไป
ถูกยืม กำหนดส่งวันที่ 27 เมษายน 2569
  จอง
4. วิทยาศาสตร์การแพทย์ และสุขภาพ
วิทยาศาสตร์การแพทย์ และสุขภาพ
WY160 ส661ก ล.1 ฉ.3 
  Barcode: 003111
ห้องสมุดวิทยาเขตสวรรค์ประชารักษ์
►หนังสือทั่วไป
ถูกยืม กำหนดส่งวันที่ 23 พฤศจิกายน 2561
  จอง
5. วิทยาศาสตร์การแพทย์ และสุขภาพ
วิทยาศาสตร์การแพทย์ และสุขภาพ
WY160 ส661ก ล.1 ฉ.4 
  Barcode: 003112
ห้องสมุดวิทยาเขตสวรรค์ประชารักษ์
►หนังสือทั่วไป
ถูกยืม กำหนดส่งวันที่ 27 เมษายน 2569
  จอง
6. วิทยาศาสตร์การแพทย์ และสุขภาพ
วิทยาศาสตร์การแพทย์ และสุขภาพ
WY160 ส661ก ล.1 ฉ.5 
  Barcode: 003113
ห้องสมุดวิทยาเขตสวรรค์ประชารักษ์
►หนังสือทั่วไป
ถูกยืม กำหนดส่งวันที่ 7 มีนาคม 2565
  จอง
7. วิทยาศาสตร์การแพทย์ และสุขภาพ
วิทยาศาสตร์การแพทย์ และสุขภาพ
WY160 ส661ก ล.1 ฉ.6 
  Barcode: 003114
ห้องสมุดวิทยาเขตสวรรค์ประชารักษ์
►หนังสือทั่วไป
ถูกยืม กำหนดส่งวันที่ 27 เมษายน 2569
  จอง
8. วิทยาศาสตร์การแพทย์ และสุขภาพ
วิทยาศาสตร์การแพทย์ และสุขภาพ
WY160 ส661ก ล.1 ฉ.7 
  Barcode: 003115
ห้องสมุดวิทยาเขตสวรรค์ประชารักษ์
►หนังสือทั่วไป
ถูกยืม กำหนดส่งวันที่ 27 เมษายน 2569
  จอง
9. วิทยาศาสตร์การแพทย์ และสุขภาพ
วิทยาศาสตร์การแพทย์ และสุขภาพ
WY160 ส661ก ล.1 ฉ.8 
  Barcode: 003116
ห้องสมุดวิทยาเขตสวรรค์ประชารักษ์
►หนังสือทั่วไป
ถูกยืม กำหนดส่งวันที่ 27 เมษายน 2569
  จอง
10. วิทยาศาสตร์การแพทย์ และสุขภาพ
วิทยาศาสตร์การแพทย์ และสุขภาพ
WY160 ส661ก ล.1 ฉ.9 
  Barcode: 003117
ห้องสมุดวิทยาเขตสวรรค์ประชารักษ์
►หนังสือทั่วไป
ถูกยืม กำหนดส่งวันที่ 27 เมษายน 2569
  จอง

รายการใกล้เคียง
    ชื่อเรื่อง [การพยาบาลจิตเวชและสุขภาพจิต : ศาสตร์และศิลป์สู่การปฏิบัติ 1]

    ผู้แต่ง [สายฝน เอกวรางกูร]

    หัวเรื่อง [การพยาบาลจิตเวชศาสตร์]
    หัวเรื่อง [สุขภาพจิต]

BibComment


ยังไม่เคยถูกคอมเมนท์

คอมเมนท์ทรัพยากรรายการนี้
  คอมเมนท์: การพยาบาลจิตเวชแ..


 Copyright 2026. Bcnsprnw @Library